[Event "Bavaria-ch 94th"]
[Site "Rosenheim"]
[Date "2023.08.23"]
[Round "5"]
[White "Uebele, Peter"]
[Black "Miller, Eduard"]
[Result "0-1"]
[WhiteElo "2168"]
[BlackElo "2324"]
[PlyCount "58"]
[EventDate "2023.08.20"]
[EventType "tourn"]
[EventRounds "9"]
[EventCountry "GER"]
[SourceTitle "CBM 215 Extra"]
[Source "ChessBase"]
[SourceDate "2023.09.30"]
[SourceVersion "1"]
[SourceVersionDate "2023.09.30"]
[SourceQuality "1"]

1. d4 Nf6 2. Nf3 g6 3. c4 Bg7 4. Nc3 0-0 5. e4 d6 6. Be2 e5 7. Be3 exd4 8. Nxd4 Re8 9. f3 c6 10. Bf2 d5 11. exd5 cxd5 12. 0-0 Nc6 13. c5 a6 14. Qd2 Nh5 15. Rad1 Be5 16. g3 Bh3 17. Rfe1 Qd7 18. f4 Bg7 19. Bf3 Nf6 20. Nc2 Rxe1+ 21. Bxe1 Rd8 22. Bf2 Qc8 23. Qc1 Bg4 24. Bxg4 Qxg4 25. Kg2 Ne4 26. Ne3 Qe6 27. Ncxd5 Nxf2 28. Kxf2 Bd4 29. f5 Qxd5 0-1

[Event "Bavaria-ch 94th"]
[Site "Rosenheim"]
[Date "2023.08.21"]
[Round "2"]
[White "Miller, Eduard"]
[Black "Fuchs, Michael"]
[Result "1-0"]
[WhiteElo "2324"]
[BlackElo "1988"]
[PlyCount "77"]
[EventDate "2023.08.20"]
[EventType "tourn"]
[EventRounds "9"]
[EventCountry "GER"]
[SourceTitle "CBM 215 Extra"]
[Source "ChessBase"]
[SourceDate "2023.09.30"]
[SourceVersion "1"]
[SourceVersionDate "2023.09.30"]
[SourceQuality "1"]

1. d4 Nf6 2. Bf4 e6 3. e3 c5 4. Nf3 cxd4 5. exd4 b6 6. c3 Be7 7. Bd3 Bb7 8. 0-0 0-0 9. Re1 d6 10. a4 Re8 11. h3 h6 12. Nbd2 Bf8 13. Bb1 Nc6 14. Ne4 Nxe4 15. Bxe4 Qf6 16. Bg3 Na5 17. Bh4 g5 18. Bg3 Bxe4 19. Rxe4 Qg6 20. Re2 Rad8 21. b4 Nb7 22. a5 bxa5 23. bxa5 Rc8 24. Qa4 d5 25. Ne5 Qf5 26. Re3 Nd6 27. Rf3 Qh7 28. Re1 Nf5 29. Ng4 Qg6 30. Qd7 Red8 31. Qxa7 h5 32. Ne5 Qg7 33. Nd7 f6 34. Rxe6 Rxd7 35. Qa6 Nxd4 36. cxd4 Rc1+ 37. Kh2 h4 38. Rexf6 hxg3+ 39. fxg3 1-0

[Event "GER-ch 94th"]
[Site "Ostfildern"]
[Date "2023.08.20"]
[Round "9"]
[White "Miller, Eduard"]
[Black "Gloeckler, Christian"]
[Result "1-0"]
[WhiteElo "2324"]
[BlackElo "2318"]
[PlyCount "101"]
[EventDate "2023.08.14"]
[EventType "swiss"]
[EventRounds "9"]
[EventCountry "GER"]
[SourceTitle "CBM 215 Extra"]
[Source "ChessBase"]
[SourceDate "2023.09.30"]
[SourceVersion "1"]
[SourceVersionDate "2023.09.30"]
[SourceQuality "1"]

1. Nf3 d5 2. g3 c6 3. Bg2 Bg4 4. 0-0 Nd7 5. d4 e6 6. c4 dxc4 7. Nbd2 Nb6 8. Qc2 Bf5 9. e4 Bg6 10. Rd1 Nf6 11. Ne5 Qxd4 12. Ndxc4 Bxe4 13. Qe2 Qc5 14. Bxe4 Nbd5 15. Bxd5 cxd5 16. b4 Qc7 17. Na5 a6 18. Bf4 Bxb4 19. Nxb7 g5 20. Ng4 gxf4 21. Nxf6+ Kf8 22. Rab1 Qxb7 23. Qe5 fxg3 24. hxg3 Rd8 25. a3 Bd6 26. Qxd6+ Rxd6 27. Rxb7 Kg7 28. Ng4 Rf8 29. Ne5 Kg8 30. Rd4 h5 31. Nd7 Rd8 32. Nf6+ Kg7 33. Nxh5+ Kg6 34. Nf4+ Kf6 35. Nd3 e5 36. Rh4 e4 37. Rf4+ Ke6 38. Rfxf7 Re8 39. Nf4+ Ke5 40. Kf1 Rc8 41. Rfe7+ Kd4 42. Rec7 Rh8 43. Ke2 Rh1 44. Rd7 Ke5 45. Rxd6 Kxd6 46. Rb6+ Kc5 47. Rxa6 d4 48. Ra5+ Kc4 49. Ra4+ Kc5 50. Ne6+ Kd5 51. Nxd4 1-0

[Event "GER-ch 94th"]
[Site "Ostfildern"]
[Date "2023.08.19"]
[Round "8"]
[White "Meister, Jakob"]
[Black "Miller, Eduard"]
[Result "1-0"]
[WhiteElo "2439"]
[BlackElo "2324"]
[PlyCount "81"]
[EventDate "2023.08.14"]
[EventType "swiss"]
[EventRounds "9"]
[EventCountry "GER"]
[SourceTitle "CBM 215 Extra"]
[Source "ChessBase"]
[SourceDate "2023.09.30"]
[SourceVersion "1"]
[SourceVersionDate "2023.09.30"]
[SourceQuality "1"]

1. c4 Nf6 2. Nc3 g6 3. e4 d6 4. d4 Bg7 5. Bd3 0-0 6. Nge2 c5 7. d5 e6 8. 0-0 exd5 9. exd5 Re8 10. Ng3 Ng4 11. Be2 Nh6 12. Nge4 Nf5 13. Bg5 f6 14. Bf4 g5 15. Bd2 Nd4 16. Bh5 Rf8 17. Ne2 Qe7 18. Nxd4 Qxe4 19. Ne6 Bxe6 20. Re1 Qxc4 21. dxe6 Nc6 22. Bc3 Rae8 23. Bxe8 Rxe8 24. Qxd6 Ne5 25. Bxe5 fxe5 26. e7 Kf7 27. Rac1 Qxa2 28. Rxc5 Rxe7 29. Rc7 Qe6 30. Rxe7+ Qxe7 31. Qd5+ Kf6 32. b3 h5 33. Rd1 h4 34. h3 Bf8 35. Qe4 Qc7 36. Qf3+ Kg7 37. Qf5 Be7 38. Rd7 Qc5 39. Qxg5+ Kf8 40. Qf5+ Ke8 41. Rxb7 1-0

[Event "GER-ch 94th"]
[Site "Ostfildern"]
[Date "2023.08.17"]
[Round "5"]
[White "Miller, Eduard"]
[Black "Gramb, Marius"]
[Result "1-0"]
[WhiteElo "2324"]
[BlackElo "2219"]
[PlyCount "101"]
[EventDate "2023.08.14"]
[EventType "swiss"]
[EventRounds "9"]
[EventCountry "GER"]
[SourceTitle "CBM 215 Extra"]
[Source "ChessBase"]
[SourceDate "2023.09.30"]
[SourceVersion "1"]
[SourceVersionDate "2023.09.30"]
[SourceQuality "1"]

1. d4 Nf6 2. Bf4 e6 3. e3 d5 4. Nf3 c5 5. c3 Nc6 6. Nbd2 cxd4 7. exd4 Nh5 8. Be3 Bd6 9. Ne5 g6 10. Bb5 Bd7 11. Nxd7 Qxd7 12. Nf3 f6 13. Qd2 Ng7 14. h4 Nf5 15. 0-0-0 0-0-0 16. Kb1 Kb8 17. Rhe1 Bc7 18. Bf4 Rhe8 19. g4 Nd6 20. Bxd6 Bxd6 21. Re2 Qf7 22. Rde1 Re7 23. a3 Na5 24. Qc2 a6 25. Qa4 Bc7 26. Bd3 b5 27. Qc2 Nc4 28. a4 Rd6 29. Ka2 Rb6 30. g5 b4 31. b3 Bd6 32. cxb4 Bxb4 33. Rc1 Nd6 34. gxf6 Qxf6 35. Ne5 Ka8 36. a5 Bxa5 37. Qc5 Nb7 38. Qc8+ Ka7 39. Rec2 Qf4 40. Nc6+ Rxc6 41. Qxc6 Rc7 42. Qxa6+ Kb8 43. Qxe6 Qxd4 44. Qe8+ Ka7 45. Rxc7 Bxc7 46. Rxc7 Qxd3 47. Qe3+ Qxe3 48. fxe3 Kb8 49. Rd7 Kc8 50. Rxd5 Kc7 51. e4 1-0

[Event "GER-ch 94th"]
[Site "Ostfildern"]
[Date "2023.08.15"]
[Round "2"]
[White "Miller, Eduard"]
[Black "Koelle, Tobias"]
[Result "0-1"]
[WhiteElo "2324"]
[BlackElo "2438"]
[PlyCount "162"]
[EventDate "2023.08.14"]
[EventType "swiss"]
[EventRounds "9"]
[EventCountry "GER"]
[SourceTitle "CBM 215 Extra"]
[Source "ChessBase"]
[SourceDate "2023.09.30"]
[SourceVersion "1"]
[SourceVersionDate "2023.09.30"]
[SourceQuality "1"]

1. d4 Nf6 2. Bf4 d5 3. e3 c5 4. Nf3 Nc6 5. Nbd2 cxd4 6. exd4 Bf5 7. Bb5 e6 8. Ne5 Qb6 9. c4 dxc4 10. a4 Qxd4 11. Nxc6 Qxf4 12. g3 Qc7 13. Nd4+ Nd7 14. Nxf5 exf5 15. 0-0 0-0-0 16. Nxc4 Kb8 17. Qf3 g6 18. Rfc1 Bh6 19. Rc2 Ne5 20. Nxe5 Qxc2 21. Nxf7 Bc1 22. Nxh8 Qxb2 23. Nf7 Qxa1 24. Nxd8 Bg5+ 25. Kg2 Bxd8 26. Qd5 Qf6 27. h4 a6 28. Be2 Qe7 29. Bf3 Bb6 30. Kf1 Ka7 31. Kg2 Qc7 32. h5 Bc5 33. Qg8 Bd4 34. hxg6 hxg6 35. Qxg6 Qc2 36. Kh3 Bxf2 37. Qf7 Qc8 38. Kg2 Bb6 39. Bd5 Qc2+ 40. Kh3 Bc7 41. Bf3 Qf2 42. Qxc7 Qxf3 43. Qc5+ b6 44. Qe7+ Qb7 45. Qe1 a5 46. Qd1 Qc6 47. Kh2 Kb7 48. Qb3 Qd7 49. Kg2 Qe8 50. Kf2 Qe5 51. Kf1 Qe4 52. Qb5 Qf3+ 53. Ke1 Qxg3+ 54. Ke2 Qg4+ 55. Kf2 Qd4+ 56. Kf3 Qe4+ 57. Kf2 Qc6 58. Qb3 Qc5+ 59. Kf3 Qe5 60. Qc4 Qc7 61. Qb3 Qc5 62. Qf7+ Ka6 63. Qe8 Qd5+ 64. Kf4 Kb7 65. Qe7+ Kc6 66. Qe8+ Qd7 67. Qh8 Kd5 68. Qa1 Qd6+ 69. Kg5 Qe7+ 70. Kg6 Qe6+ 71. Kg5 Qe3+ 72. Kg6 f4 73. Qa2+ Ke4 74. Qe6+ Kf3 75. Qh3+ Ke2 76. Qg2+ Kd3 77. Qd5+ Kc3 78. Qc6+ Kb4 79. Qb5+ Ka3 80. Qc4 f3 81. Kf5 Qc5+ 0-1